La Villa de Espinoso del Rey (Record no. 63181)
[ view plain ]
| 000 -LEADER | |
|---|---|
| campo de control de longitud fija | 00661nam a2200181 i 4500 |
| 001 - NÚMERO DE CONTROL | |
| campo de control | 63181 |
| 003 - IDENTIFICADOR DE NÚMERO DE CONTROL | |
| campo de control | ES-MaACL |
| 005 - FECHA Y HORA DE LA ÚLTIMA TRANSACCIÓN | |
| campo de control | 20250529152008.0 |
| 007 - CAMPO FIJO DE DESCRIPCIÓN FÍSICA--INFORMACIÓN GENERAL | |
| campo de control de longitud fija | t| |
| 008 - DATOS DE LONGITUD FIJA--INFORMACIÓN GENERAL | |
| campo de control de longitud fija | 031202s1943 sp ||||1| spa d |
| 100 1# - ENTRADA PRINCIPAL--NOMBRE DE PERSONA | |
| Nombre de persona | Fernández Sánchez, Francisco. |
| 9 (RLIN) | 50066 |
| 245 13 - MENCIÓN DEL TÍTULO | |
| Título | La Villa de Espinoso del Rey |
| Resto del título | : notas para su historia / |
| Mención de responsabilidad, etc. | Francisco Fernández Sánchez ; con una presentación de Fernando Jiménez de Gregorio. |
| 260 ## - PUBLICACIÓN, DISTRIBUCIÓN, ETC. | |
| Lugar de publicación, distribución, etc. | Madrid : |
| Nombre del editor, distribuidor, etc. | [Mediterráneo], |
| Fecha de publicación, distribución, etc. | 1943 ( |
| Fabricante | Imp. Madrid) |
| 300 ## - DESCRIPCIÓN FÍSICA | |
| Extensión | 137 p., 9 lám. ; |
| Dimensiones | 19 cm. |
| 700 1# - ENTRADA AGREGADA--NOMBRE PERSONAL | |
| Nombre de persona | Jiménez de Gregorio, Fernando, |
| Fechas asociadas al nombre | 1911-2012 |
| 9 (RLIN) | 66505 |
| 852 ## - LOCALIZACIÓN | |
| Ubicación | ES-MaACL |
| Número de control de estantería | D-5782 |
| Sublocalización o colección | R.30921 |
| Estatus retirado | Estado de pérdida | Estado de daño | No para préstamo | Biblioteca de origen | Biblioteca actual | Ubicación en estantería | Fecha de adquisición | Fuente de adquisición | Total de préstamos | Signatura topográfica completa | Código de barras | Visto por última vez | Precio de reemplazo | Tipo de ítem Koha |
|---|---|---|---|---|---|---|---|---|---|---|---|---|---|---|
| Biblioteca del Ateneo de Madrid | Biblioteca del Ateneo de Madrid | Sala Valle Inclán | 17/01/2008 | D-5782 | 901066230 | 23/02/2023 | 23/02/2023 | Libro impreso |
